[Event "C.to Provinciale PR"]
[Site "Salsomaggiore Terme ITA"]
[Date "2015.03.22"]
[Round "4"]
[White "Pelagatti, Alessandro"]
[Black "Carletti, Angelo"]
[WhiteElo "2181"]
[BlackElo "1908"]
[Result "1-0"]
[PlyCount "111"]
[EventDate "2015.03.20"]

1. d4 Nf6 2. c4 g6 3. Nc3 Bg7 4. e4 d6 5. Nge2 O-O 6. Ng3 Nbd7 7. Be2 e5 8. d5
a5 9. h4 Nc5 10. Bg5 c6 11. Qd2 Qb6 12. h5 a4 13. h6 Bh8 14. O-O Qa5 15. Rac1
cxd5 16. Nxd5 Nxd5 17. Qxa5 Rxa5 18. cxd5 Re8 19. Bd2 Ra7 20. Bb5 Rd8 21. Bg5
f6 22. Be3 b6 23. b4 axb3 24. axb3 f5 25. b4 f4 26. bxc5 dxc5 27. Bd2 fxg3 28.
fxg3 Bd7 29. Bg5 Rf8 30. Bxd7 Rxd7 31. Rb1 Rb8 32. Rb5 Rf7 33. Be3 Rxf1+ 34.
Kxf1 Bf6 35. Bxc5 Bd8 36. Bd6 Rc8 37. Rb4 Bg5 38. Bxe5 Be3 39. Ke2 Bc5 40. Rc4
Re8 41. Bf4 Kf7 42. Be3 Rc8 43. e5 Re8 44. e6+ Ke7 45. Bxc5+ bxc5 46. Rxc5 Kd6
47. Ra5 Rb8 48. Kf3 Rb3+ 49. Kf4 Rb1 50. Kg5 Rf1 51. g4 Rf2 52. Ra6+ Kxd5 53.
e7 Re2 54. Kf6 Rf2+ 55. Kg7 Re2 56. Kxh7 1-0

[Event "C.to Provinciale PR"]
[Site "Salsomaggiore Terme ITA"]
[Date "2015.03.22"]
[Round "4"]
[White "Sacchetti, Andrea"]
[Black "Bettini, Alessandro"]
[WhiteElo "1859"]
[BlackElo "1794"]
[Result "1/2-1/2"]
[PlyCount "60"]
[EventDate "2015.03.20"]

1. d4 Nf6 2. c4 c5 3. d5 b5 4. Nf3 g6 5. b3 Bg7 6. Bb2 O-O 7. Nbd2 bxc4 8. bxc4
d6 9. e3 Na6 10. a3 Rb8 11. Bc3 Bf5 12. Nh4 Bd7 13. Bd3 Rb7 14. O-O Qc7 15. Qc2
Rfb8 16. Rfb1 Ne8 17. Bxg7 Nxg7 18. Rxb7 Rxb7 19. Rb1 Qb8 20. Rxb7 Qxb7 21. Qb3
Qb6 22. Kf1 Nc7 23. h3 Nce8 24. Ke2 f5 25. f4 Nf6 26. Nhf3 h6 27. Nh4 Kf7 28.
g4 Nh7 29. gxf5 gxf5 30. Qc2 Kf6 1/2-1/2

[Event "C.to Provinciale PR"]
[Site "Salsomaggiore Terme ITA"]
[Date "2015.03.22"]
[Round "5"]
[White "Bettini, Alessandro"]
[Black "Mingione, Luigi"]
[WhiteElo "1794"]
[BlackElo "1724"]
[Result "1/2-1/2"]
[PlyCount "60"]
[EventDate "2015.03.20"]

1. d4 f5 2. g3 Nf6 3. Bg2 e6 4. c4 Be7 5. Nc3 O-O 6. e3 d5 7. b3 c6 8. Bb2 Bd7
9. Qc1 Be8 10. Nf3 Ne4 11. Ne5 Nd7 12. Nxd7 Qxd7 13. O-O Bh5 14. f3 Nf6 15. Ba3
Bxa3 16. Qxa3 Qe8 17. Rae1 e5 18. cxd5 cxd5 19. e4 dxe4 20. fxe4 fxe4 21. Nxe4
Nxe4 22. Rxf8+ Qxf8 23. Qxf8+ Rxf8 24. Rxe4 exd4 25. Rxd4 Bf3 26. Rd7 Bxg2 27.
Kxg2 Rf7 28. Rd8+ Rf8 29. Rd7 Rf7 30. Rd8+ Rf8 1/2-1/2

[Event "C.to Provinciale PR"]
[Site "Salsomaggiore Terme ITA"]
[Date "2015.03.22"]
[Round "5"]
[White "Ferrari, Andrea"]
[Black "Bettini, Sofia"]
[WhiteElo "1392"]
[BlackElo "1407"]
[Result "1/2-1/2"]
[PlyCount "68"]
[EventDate "2015.03.20"]

1. e4 c6 2. d4 d5 3. exd5 cxd5 4. Bd3 Nf6 5. Nf3 Bg4 6. Nbd2 e6 7. O-O Bd6 8.
h3 Bxf3 9. Nxf3 O-O 10. c3 Nbd7 11. Qb3 Qb6 12. Qxb6 Nxb6 13. Re1 Nbd7 14. Ne5
Rfe8 15. Bb5 Re7 16. Bg5 Nb6 17. Rac1 a6 18. Bd3 Rc8 19. c4 dxc4 20. Nxc4 Nxc4
21. Bxc4 Rec7 22. Bb3 Be7 23. Rxc7 Rxc7 24. Rc1 Rd7 25. Rc8+ Bd8 26. Bf4 Kf8
27. Bc7 Rxc7 28. Rxd8+ Ke7 29. Rb8 Rc1+ 30. Kh2 Rc7 31. f3 Nd5 32. Kg3 Kf6 33.
Bxd5 exd5 34. Rd8 Ke6 1/2-1/2

[Event "C.to Provinciale PR"]
[Site "Salsomaggiore Terme ITA"]
[Date "2015.03.22"]
[Round "5"]
[White "Ferrari, Cristiano"]
[Black "Sacchetti, Andrea"]
[WhiteElo "1592"]
[BlackElo "1859"]
[Result "0-1"]
[PlyCount "78"]
[EventDate "2015.03.20"]

1. e4 e5 2. f4 exf4 3. Nf3 Be7 4. Bc4 Bh4+ 5. Kf1 Nh6 6. h3 O-O 7. d4 Bg3 8.
Nc3 Re8 9. Ne2 Rxe4 10. Nxg3 fxg3 11. Bxh6 gxh6 12. Bd5 Re3 13. Qd2 Qe7 14. Re1
Rxe1+ 15. Qxe1 Qxe1+ 16. Kxe1 c6 17. Bc4 d6 18. Nh4 Be6 19. Bd3 Nd7 20. b3 Re8
21. Kd2 Nf6 22. Re1 Bd7 23. Rxe8+ Nxe8 24. Bf5 Be6 25. Ke3 d5 26. Kf4 Nd6 27.
Ke5 Nxf5 28. Nxf5 Bxf5 29. Kxf5 Kg7 30. Kf4 Kf6 31. Kxg3 Kf5 32. Kf3 h5 33. h4
b6 34. c3 a6 35. a3 b5 36. a4 bxa4 37. bxa4 a5 38. g3 h6 39. g4+ hxg4+ 0-1

[Event "C.to Provinciale PR"]
[Site "Salsomaggiore Terme ITA"]
[Date "2015.03.22"]
[Round "5"]
[White "Fischetti, Luciano"]
[Black "Ghirardi, Gianfranco"]
[WhiteElo "1523"]
[BlackElo "1694"]
[Result "1/2-1/2"]
[PlyCount "138"]
[EventDate "2015.03.20"]

1. g3 e5 2. Bg2 Nf6 3. d4 exd4 4. Qxd4 Nc6 5. Qd1 d5 6. Nf3 Bc5 7. O-O a6 8.
Bg5 h6 9. Bxf6 Qxf6 10. Qxd5 Bd6 11. Nc3 Be6 12. Qd1 Qf5 13. e4 Qa5 14. Nd4
Nxd4 15. Qxd4 O-O 16. Rfe1 Be5 17. Qe3 Rfd8 18. Red1 Qb4 19. Rab1 Bxc3 20. bxc3
Rxd1+ 21. Rxd1 Qe7 22. e5 c6 23. Be4 Rd8 24. Rxd8+ Qxd8 25. Bd3 Kf8 26. Qe4 g6
27. Qb4+ Qe7 28. a3 c5 29. Qb2 Bd5 30. c4 Bc6 31. Qc3 Qg5 32. f4 Qg4 33. Bf1
Qf3 34. Qxf3 Bxf3 35. Kf2 Bc6 36. Bh3 b6 37. Bc8 a5 38. Ba6 Be4 39. c3 Ke7 40.
Ke3 Bb1 41. h4 f6 42. g4 g5 43. exf6+ Kxf6 44. hxg5+ hxg5 45. fxg5+ Ke5 46. Bb7
Bg6 47. Ba6 Bf7 48. Bb5 Be6 49. Kf3 Bc8 50. g6 Be6 51. g5 Kf5 52. g7 Kxg5 53.
Ke4 Kf6 54. Ba6 Bg8 55. Bb5 Ke6 56. Bc6 Bh7+ 57. Kf4 Kf7 58. Ke5 Kxg7 59. Kd6
Bd3 60. Bb5 Kf6 61. Kc6 Ke5 62. Kxb6 Kd6 63. Kxa5 Kc7 64. Ka6 Be2 65. Ka5 Bf1
66. Ka4 Kb6 67. Kb3 Bd3 68. a4 Ka5 69. Ka3 Bc2 1/2-1/2

[Event "C.to Provinciale PR"]
[Site "Salsomaggiore Terme ITA"]
[Date "2015.03.23"]
[Round "5"]
[White "Fongarolli, Diego"]
[Black "Panizzi, Giuseppe"]
[WhiteElo "2080"]
[BlackElo "2080"]
[Result "0-1"]
[PlyCount "78"]
[EventDate "2015.03.20"]

1. e4 e5 2. Nf3 Nc6 3. Bb5 a6 4. Bxc6 dxc6 5. O-O f6 6. d4 exd4 7. Nxd4 c5 8.
Nb3 Qxd1 9. Rxd1 Bg4 10. f3 Be6 11. Be3 b6 12. Nc3 Bd6 13. a4 Bxb3 14. cxb3 Ne7
15. Nd5 Nxd5 16. Rxd5 a5 17. f4 Rd8 18. Rad1 Kf7 19. Kf2 Rhe8 20. Kf3 g6 21.
Bf2 Be7 22. Bh4 Rxd5 23. Rxd5 Ke6 24. g4 Bd6 25. Bg3 Rf8 26. Rd2 g5 27. h4 gxf4
28. Bxf4 Be5 29. Kg3 c6 30. h5 Rf7 31. Kf3 Bd4 32. Kg3 b5 33. Kf3 Rb7 34. Be3
Bxe3 35. Kxe3 bxa4 36. bxa4 Ke5 37. Rc2 Rb3+ 38. Rc3 c4 39. h6 Rb4 0-1

[Event "C.to Provinciale PR"]
[Site "Salsomaggiore Terme ITA"]
[Date "2015.03.22"]
[Round "5"]
[White "Mantovani, Celso"]
[Black "Ferrarini, Maurizio"]
[WhiteElo "1035"]
[BlackElo "1709"]
[Result "0-1"]
[PlyCount "108"]
[EventDate "2015.03.20"]

1. d4 d5 2. e3 Nf6 3. Be2 Nc6 4. Bd2 Bf5 5. Nc3 e5 6. a3 exd4 7. exd4 Nxd4 8.
Bd3 Bxd3 9. cxd3 Bd6 10. Be3 Nf5 11. Bg5 c6 12. Nf3 O-O 13. O-O h6 14. Bd2 Qc7
15. Rb1 Ng4 16. h3 Nf6 17. Ne2 Rfe8 18. Kh1 c5 19. Qe1 Re7 20. Rg1 Rae8 21. Qf1
Rxe2 22. g4 Nd4 23. Nxd4 Rxd2 24. Nb3 Rde2 25. Qg2 Nh7 26. Rbd1 d4 27. Nc1 Rxb2
28. Rde1 Rxe1 29. Rxe1 Rb1 30. Kg1 Bf4 31. Re8+ Nf8 32. Qe4 Rxc1+ 33. Kg2 Qc6
34. Qxc6 bxc6 35. Kf3 Bg5 36. Rc8 c4 37. Rxc6 c3 38. Ke4 Ne6 39. Kd5 Bf6 40.
Kc4 Nf4 41. Kb4 Nxd3+ 42. Ka4 Nxf2 43. Rc8+ Kh7 44. Rf8 Kg6 45. Ra8 d3 46. Rxa7
d2 47. Rd7 d1=Q+ 48. Rxd1 Rxd1 49. Kb3 Rd2 50. a4 c2 51. h4 c1=Q 52. h5+ Kg5
53. Kb4 Rb2+ 54. Ka5 Qc5+ 0-1

[Event "C.to Provinciale PR"]
[Site "Salsomaggiore Terme ITA"]
[Date "2015.03.23"]
[Round "5"]
[White "Mantovani, Enrico"]
[Black "Brogneri, Giovanni"]
[WhiteElo "1820"]
[BlackElo "1801"]
[Result "0-1"]
[PlyCount "30"]
[EventDate "2015.03.20"]

1. Nf3 e6 2. c4 b6 3. b3 Nf6 4. Bb2 Bb7 5. e3 Be7 6. Be2 O-O 7. O-O d5 8. cxd5
Nxd5 9. d4 Nd7 10. Nbd2 c5 11. Rc1 Rc8 12. Ne5 cxd4 13. exd4 Rxc1 14. Qxc1 Nf4
15. Bf3 Bxf3 0-1

[Event "C.to Provinciale PR"]
[Site "Salsomaggiore Terme ITA"]
[Date "2015.03.22"]
[Round "5"]
[White "Maran, Walter"]
[Black "Fragni, Enrico"]
[WhiteElo "1687"]
[BlackElo "1575"]
[Result "0-1"]
[PlyCount "82"]
[EventDate "2015.03.20"]

1. e4 d6 2. d4 Nf6 3. Bd3 e5 4. c3 Be7 5. h3 Nbd7 6. Nf3 h6 7. Be3 c6 8. Nbd2
Qc7 9. Qb3 Nb6 10. Rc1 Be6 11. c4 exd4 12. Bxd4 c5 13. Be3 Bd7 14. Bb1 Ba4 15.
Qd3 g5 16. b3 Bc6 17. Qc3 O-O-O 18. g4 Rhe8 19. Rg1 Kb8 20. a3 Nfd7 21. b4 Bf6
22. Qd3 Ne5 23. Qe2 Na4 24. b5 Bd7 25. Kf1 Be6 26. Nxe5 Bxe5 27. Qd3 Nb2 28.
Qb3 Qa5 29. Rc2 Na4 30. Nf3 Bf4 31. Bxf4 gxf4 32. Kg2 Rg8 33. Nd2 h5 34. f3 f5
35. exf5 Bxf5 36. Ne4 hxg4 37. hxg4 Bxe4 38. fxe4 Rxg4+ 39. Kf2 Rxg1 40. Kxg1
Qe1+ 41. Kh2 Rh8+ 0-1

[Event "C.to Provinciale PR"]
[Site "Salsomaggiore Terme ITA"]
[Date "2015.03.23"]
[Round "5"]
[White "Melino, Gianluca"]
[Black "Ollari, Luca"]
[WhiteElo "1790"]
[BlackElo "1820"]
[Result "1/2-1/2"]
[PlyCount "95"]
[EventDate "2015.03.20"]

1. Nf3 Nf6 2. c4 g6 3. b4 Bg7 4. Bb2 O-O 5. g3 d6 6. Bg2 Nc6 7. Qb3 a5 8. b5 a4
9. Qd1 Nb8 10. Na3 c5 11. O-O Nbd7 12. d3 h6 13. Nd2 Nb6 14. Qc2 Qc7 15. Ne4
Be6 16. Nxf6+ exf6 17. e4 Rfd8 18. Bc3 f5 19. Bxg7 Kxg7 20. Qc3+ Kh7 21. f4 Rg8
22. Rae1 fxe4 23. dxe4 f5 24. Re3 fxe4 25. Rxe4 Bf5 26. Re3 Rae8 27. Rfe1 Rxe3
28. Qxe3 Rg7 29. h3 Qf7 30. Qe2 Qf6 31. Qd2 Rd7 32. g4 Be6 33. Bf1 d5 34. Qe2
Rd6 35. cxd5 Bxd5 36. Qe7+ Qxe7 37. Rxe7+ Kg8 38. Re2 Kf7 39. Kf2 Re6 40. Rc2
Nd7 41. Nc4 b6 42. Rd2 Nf6 43. Bd3 Bxc4 44. Bxc4 Ne4+ 45. Ke3 Nxd2+ 46. Kxd2
Ke7 47. Bxe6 Kxe6 48. Ke3 1/2-1/2

[Event "C.to Provinciale PR"]
[Site "Salsomaggiore Terme ITA"]
[Date "2015.03.23"]
[Round "5"]
[White "Orlando, Luigi"]
[Black "Modena, Giorgio"]
[WhiteElo "1873"]
[BlackElo "1916"]
[Result "0-1"]
[PlyCount "102"]
[EventDate "2015.03.20"]

1. Nf3 Nf6 2. g3 g6 3. Bg2 Bg7 4. O-O O-O 5. d3 d5 6. Nbd2 c6 7. e4 dxe4 8.
dxe4 Qc7 9. c3 e5 10. Qc2 Nbd7 11. Rd1 b6 12. Nc4 Ba6 13. Ncd2 Nc5 14. Bf1 Bxf1
15. Kxf1 Rad8 16. b3 Ncxe4 17. Ba3 Nxd2+ 18. Nxd2 Rfe8 19. Ne4 c5 20. Bb2 Qc6
21. Nxf6+ Bxf6 22. Kg1 Rxd1+ 23. Rxd1 Rd8 24. Rxd8+ Bxd8 25. c4 f6 26. Qe2 Bc7
27. f3 Kf7 28. g4 Bd6 29. Kg2 Be7 30. h3 Bd8 31. Kf2 Bc7 32. Kg2 Qd6 33. Kf1 a6
34. Kf2 e4 35. Kf1 exf3 36. Qxf3 Qf4 37. Qxf4 Bxf4 38. Ke2 Ke6 39. Kf3 Be5 40.
Bc1 f5 41. Be3 fxg4+ 42. Kxg4 Bf6 43. Bf4 Bd8 44. Bg5 Bxg5 45. Kxg5 Kf7 46. Kh6
Kg8 47. a3 a5 48. h4 Kh8 49. Kg5 Kg7 50. Kg4 Kf6 51. Kf4 h6 0-1

[Event "C.to Provinciale PR"]
[Site "Salsomaggiore Terme ITA"]
[Date "2015.03.23"]
[Round "5"]
[White "Paoli, Walter"]
[Black "Carletti, Angelo"]
[WhiteElo "2039"]
[BlackElo "1908"]
[Result "0-1"]
[PlyCount "76"]
[EventDate "2015.03.20"]

1. Nf3 Nf6 2. d4 g6 3. g3 Bg7 4. Bg2 O-O 5. O-O d6 6. Bg5 Nbd7 7. Bxf6 Nxf6 8.
Nbd2 c5 9. c3 Qc7 10. Re1 Re8 11. e4 e5 12. Rc1 b5 13. b3 Bb7 14. Qe2 Ba6 15.
a4 Rab8 16. axb5 Bxb5 17. c4 Bd7 18. d5 Bh6 19. h3 a5 20. Ra1 Rb4 21. Ra3 Ra8
22. Rea1 Qb6 23. g4 Bf4 24. Qd1 h5 25. g5 Nh7 26. h4 Bg4 27. Qc2 Bd7 28. Nf1 f6
29. Ne1 fxg5 30. hxg5 h4 31. Nd3 h3 32. Bh1 Qd8 33. Nxb4 cxb4 34. R3a2 Qxg5+
35. Ng3 Bxg3 36. fxg3 Qxg3+ 37. Bg2 Rf8 38. Rf1 h2+ 0-1

[Event "C.to Provinciale PR"]
[Site "Salsomaggiore Terme ITA"]
[Date "2015.03.22"]
[Round "5"]
[White "Salati, Paolo"]
[Black "Megli, Massimo"]
[WhiteElo "1816"]
[BlackElo "1757"]
[Result "1-0"]
[PlyCount "98"]
[EventDate "2015.03.20"]

1. e4 c5 2. c3 e6 3. Nf3 Nc6 4. d4 d5 5. exd5 Qxd5 6. Be3 cxd4 7. Nxd4 Nf6 8.
Nb5 Qxd1+ 9. Kxd1 Nd5 10. Bg5 a6 11. c4 axb5 12. cxd5 exd5 13. Bxb5 Bc5 14.
Re1+ Be6 15. f3 O-O 16. Nc3 Bb4 17. Bd2 Ra5 18. Bd3 d4 19. Ne4 Rxa2 20. Rxa2
Bxa2 21. Bxb4 Nxb4 22. Kd2 Nxd3 23. Kxd3 Rd8 24. Nd6 b6 25. Re8+ Rxe8 26. Nxe8
Kf8 27. Nd6 g5 28. Kxd4 h5 29. Ne4 g4 30. fxg4 hxg4 31. Ke5 Ke7 32. b4 Be6 33.
Ng3 Kd7 34. Nf5 Bc4 35. Kf6 Kc6 36. h4 gxh3 37. gxh3 Kb5 38. h4 Kxb4 39. h5 b5
40. h6 Ka3 41. h7 b4 42. h8=Q b3 43. Qa8+ Kb4 44. Qa1 Be6 45. Nd4 Bc4 46. Nc6+
Kc5 47. Ne5 Bd5 48. Qc3+ Kb5 49. Nxf7 Ka4 1-0

[Event "C.to Provinciale PR"]
[Site "Salsomaggiore Terme ITA"]
[Date "2015.03.22"]
[Round "5"]
[White "Shubitidze, Pietro"]
[Black "Pagani, Fausto"]
[WhiteElo "1368"]
[BlackElo "1586"]
[Result "0-1"]
[PlyCount "84"]
[EventDate "2015.03.20"]

1. e4 e6 2. Nf3 c5 3. Bc4 Nc6 4. O-O d5 5. Bd3 Nf6 6. Nc3 a6 7. b3 b5 8. Ba3 b4
9. Nb1 bxa3 10. Nxa3 Be7 11. Re1 O-O 12. c4 dxe4 13. Bxe4 Nxe4 14. Rxe4 Bb7 15.
Nc2 Bf6 16. Rb1 Ne7 17. Re3 Nf5 18. Re2 Bxf3 19. gxf3 Nd4 20. Nxd4 Bxd4 21. a3
Qg5+ 22. Kf1 Qh4 23. Kg1 Qg5+ 24. Kf1 a5 25. b4 axb4 26. axb4 Ra3 27. d3 Rfa8
28. Rb3 Ra1 29. Ke1 Rxd1+ 30. Kxd1 Ra1+ 31. Kc2 Ra2+ 32. Kd1 Rxe2 33. Kxe2 Qe5+
34. Kd2 Qf4+ 35. Kc2 g6 36. b5 Qxf3 37. b6 Qxf2+ 38. Kc1 Qg1+ 39. Kc2 Qxh2+ 40.
Kc1 Qh1+ 41. Kc2 Qb7 42. Kd2 h5 0-1

[Event "C.to Provnciale NU-OR-OT"]
[Site "Siniscola ITA"]
[Date "2015.02.14"]
[Round "?"]
[White "Di Pinto, Vincenzo"]
[Black "Talu, Alessandro"]
[WhiteElo "1633"]
[BlackElo "1551"]
[Result "1-0"]
[PlyCount "63"]
[EventDate "2015.02.07"]

1. d4 d5 2. Nf3 Nf6 3. Bf4 e6 4. e3 Nbd7 5. Bd3 c5 6. c3 Be7 7. Nbd2 c4 8. Bc2
b5 9. O-O O-O 10. e4 Bb7 11. e5 Ne8 12. Qb1 f5 13. exf6 Nexf6 14. Ng5 Qb6 15.
Re1 Ne4 16. Ngxe4 dxe4 17. Bg3 Nf6 18. Nxe4 Bxe4 19. Bxe4 Rae8 20. Be5 Nxe4 21.
Qxe4 Bf6 22. Qg4 Qc6 23. Re3 a5 24. Rae1 Bxe5 25. Rxe5 Rf6 26. d5 Qc5 27. Qd4
Qc8 28. dxe6 Rfxe6 29. Qd5 Kf7 30. f4 g6 31. g4 h6 32. f5 1-0

[Event "C.to Provnciale NU-OR-OT"]
[Site "Siniscola ITA"]
[Date "2015.02.07"]
[Round "1"]
[White "Battasi, Antonio Domenico"]
[Black "Profera, Antonino"]
[WhiteElo "1731"]
[BlackElo "1446"]
[Result "1-0"]
[PlyCount "59"]
[EventDate "2015.02.07"]

1. e4 e5 2. Nf3 Nc6 3. Bc4 h6 4. c3 Nf6 5. d4 d6 6. dxe5 dxe5 7. Qxd8+ Kxd8 8.
Bxf7 Nxe4 9. O-O Bf5 10. Bd5 Bd6 11. Nbd2 Nf6 12. Bb3 Kd7 13. Nc4 Bd3 14. Rd1
e4 15. Nxd6 cxd6 16. Ne1 Ba6 17. Bf4 Ne8 18. Bd5 Kc7 19. Bxe4 Rd8 20. Nc2 Nf6
21. Bf3 Ne5 22. Nd4 Nxf3+ 23. Nxf3 Be2 24. Rd2 Bxf3 25. gxf3 Rhf8 26. Rad1 Nd5
27. Bg3 Nf6 28. Rxd6 Kc8 29. R6d4 Nh5 30. Rc4# 1-0

[Event "C.to Provnciale NU-OR-OT"]
[Site "Siniscola ITA"]
[Date "2015.02.07"]
[Round "1"]
[White "Buchicchio, Alessandro"]
[Black "Olivieri, Guglielmo"]
[WhiteElo "1901"]
[BlackElo "1569"]
[Result "1-0"]
[PlyCount "61"]
[EventDate "2015.02.07"]

1. e4 e5 2. Nf3 Nc6 3. d4 exd4 4. c3 Nf6 5. e5 Nd5 6. cxd4 Bb4+ 7. Bd2 Bxd2+ 8.
Nbxd2 O-O 9. Bc4 Nf4 10. O-O Na5 11. Re1 Nxc4 12. Nxc4 b5 13. Ne3 Bb7 14. d5
Re8 15. g3 Ng6 16. Nf5 Ne7 17. Nxe7+ Qxe7 18. Qd3 a6 19. Re3 h6 20. Rae1 Qb4
21. e6 dxe6 22. dxe6 fxe6 23. R1e2 Qg4 24. Ne5 Qh3 25. f3 Rad8 26. Qc2 Re7 27.
f4 Bd5 28. g4 Qh4 29. Ng6 Qxg4+ 30. Rg3 Be4 31. Nxe7+ 1-0

[Event "C.to Provnciale NU-OR-OT"]
[Site "Siniscola ITA"]
[Date "2015.02.07"]
[Round "1"]
[White "Corbo, Giuseppe"]
[Black "Bellu, Marco"]
[WhiteElo "1468"]
[BlackElo "1781"]
[Result "0-1"]
[PlyCount "44"]
[EventDate "2015.02.07"]

1. e4 c5 2. Nf3 Nc6 3. d4 cxd4 4. Nxd4 Nf6 5. Nc3 e5 6. Nf3 Bb4 7. Bg5 h6 8.
Bh4 O-O 9. Bd3 Be7 10. Qd2 Nxe4 11. Bxe7 Nxd2 12. Bxd8 Nxf3+ 13. gxf3 Rxd8 14.
O-O-O d5 15. Be2 Be6 16. Rhg1 Rac8 17. Kb1 Nd4 18. f4 Rxc3 19. Rxd4 exd4 20.
bxc3 dxc3 21. Bf3 d4 22. Bxb7 Rb8 0-1

[Event "C.to Provnciale NU-OR-OT"]
[Site "Siniscola ITA"]
[Date "2015.02.07"]
[Round "1"]
[White "Di Pinto, Vincenzo"]
[Black "Sonis, Cesare"]
[WhiteElo "1633"]
[BlackElo "1303"]
[Result "1-0"]
[PlyCount "37"]
[EventDate "2015.02.07"]

1. d4 Nf6 2. Nf3 d5 3. Bf4 e6 4. e3 Bb4+ 5. c3 Bd6 6. Nbd2 O-O 7. Bd3 Nh5 8.
Bg3 Nc6 9. e4 Ne7 10. e5 Nxg3 11. hxg3 Nf5 12. exd6 Qxd6 13. g4 Ne7 14. Bxh7+
Kh8 15. Ne5 f6 16. Ng6+ Nxg6 17. Bxg6+ Kg8 18. g5 e5 19. Qh5 1-0

[Event "C.to Provnciale NU-OR-OT"]
[Site "Siniscola ITA"]
[Date "2015.02.07"]
[Round "1"]
[White "Le Creurer, Kilian"]
[Black "Moro, Gabriel"]
[WhiteElo "1800"]
[BlackElo "1479"]
[Result "1-0"]
[PlyCount "61"]
[EventDate "2015.02.07"]

1. c4 Nf6 2. Nc3 g6 3. g3 Bg7 4. Bg2 Nc6 5. d3 d6 6. Nf3 O-O 7. O-O e5 8. e4
Bg4 9. h3 Bd7 10. Be3 Ne8 11. Qb3 Qc8 12. Kh2 Kh8 13. c5 Be6 14. Nd5 f5 15. Ng5
Bg8 16. Qa4 Nf6 17. cxd6 fxe4 18. Nxc7 Rb8 19. dxe4 b5 20. Nxb5 Qd7 21. Nxa7
Ra8 22. Qxc6 Rxa7 23. Rfc1 Rxa2 24. Qxd7 Nxd7 25. Rxa2 Bxa2 26. Rc7 Rd8 27. b4
Bf8 28. Bc5 Bc4 29. h4 Nf6 30. Bh3 Bb5 31. Nf7+ 1-0

[Event "C.to Provnciale NU-OR-OT"]
[Site "Siniscola ITA"]
[Date "2015.02.07"]
[Round "1"]
[White "Marano, Daniele"]
[Black "Spiga, Sandro"]
[WhiteElo "1672"]
[BlackElo "1440"]
[Result "1-0"]
[PlyCount "77"]
[EventDate "2015.02.07"]

1. e4 e5 2. Nf3 Nc6 3. Bb5 Bc5 4. O-O Nf6 5. Nc3 O-O 6. d3 d6 7. Bg5 Bg4 8. h3
Bh5 9. Nd5 Nd4 10. g4 Bg6 11. Nxd4 Bxd4 12. Qf3 c6 13. Nxf6+ gxf6 14. Bxf6 Qd7
15. c3 Bb6 16. Ba4 Qe6 17. Bb3 d5 18. g5 Bd8 19. exd5 cxd5 20. Bxd5 Qd6 21. Be4
Bxf6 22. Qxf6 Qxf6 23. gxf6 Rad8 24. f4 Rfe8 25. Rf3 Rd6 26. Bxg6 hxg6 27. Re3
Rxf6 28. fxe5 Rfe6 29. d4 Kg7 30. Rae1 b5 31. Kg2 Rh8 32. d5 Re7 33. Kg3 Rh5
34. d6 Rd7 35. e6 Rxd6 36. e7 Rg5+ 37. Kh2 Re6 38. Rxe6 fxe6 39. e8=Q 1-0

[Event "C.to Provnciale NU-OR-OT"]
[Site "Siniscola ITA"]
[Date "2015.02.07"]
[Round "1"]
[White "Passalacqua, Tullio"]
[Black "Sonis, Francesco"]
[WhiteElo "1627"]
[BlackElo "2173"]
[Result "0-1"]
[PlyCount "76"]
[EventDate "2015.02.07"]

1. d4 Nf6 2. Nf3 c5 3. d5 b5 4. Bg5 e6 5. dxe6 fxe6 6. e4 Qa5+ 7. Bd2 Qb6 8. e5
Nd5 9. Nh4 g6 10. Nc3 Nxc3 11. Bxc3 Nc6 12. Nf3 Bg7 13. b3 O-O 14. Qd6 b4 15.
Bb2 Nxe5 16. O-O-O Qxd6 17. Rxd6 Bh6+ 18. Kb1 Nxf3 19. gxf3 Bf4 20. Rd1 Kf7 21.
Bb5 Ke7 22. a3 Rb8 23. Ba4 a5 24. c3 d6 25. cxb4 axb4 26. axb4 Rxb4 27. Bc3 Rb8
28. Bd2 Bxd2 29. Rxd2 Rxf3 30. Rhd1 Rb6 31. Rg1 e5 32. Rg3 Rf4 33. Ka2 Be6 34.
Ka3 Ra6 35. Kb2 Rb4 36. Ka3 Bd7 37. Ka2 Bxa4 38. bxa4 Raxa4+ 0-1

[Event "C.to Provnciale NU-OR-OT"]
[Site "Siniscola ITA"]
[Date "2015.02.07"]
[Round "1"]
[White "Pinna, Gianfranco"]
[Black "Sonis, Luca"]
[WhiteElo "1440"]
[BlackElo "1687"]
[Result "0-1"]
[PlyCount "113"]
[EventDate "2015.02.07"]

1. e4 e5 2. Nf3 Nc6 3. Bb5 d6 4. h3 Nf6 5. d3 Be7 6. O-O O-O 7. Re1 Bd7 8. c3
Kh8 9. Ba4 a6 10. Bb3 Be6 11. Nbd2 Nd7 12. Nf1 Nc5 13. Bc2 f5 14. d4 fxe4 15.
Bxe4 Nxe4 16. Rxe4 Bd5 17. Rg4 Bxf3 18. gxf3 exd4 19. cxd4 Bf6 20. Be3 Qd7 21.
Kh2 Qf7 22. f4 Qd5 23. Qb3 Qxb3 24. axb3 Nxd4 25. Nd2 Nc2 26. Rc1 Nxe3 27. fxe3
c6 28. Rc2 d5 29. e4 dxe4 30. Nxe4 Rab8 31. Nc5 Rfd8 32. Rcg2 Rg8 33. Nd7 Ra8
34. Ne5 Bxe5 35. fxe5 Rae8 36. Re2 Re6 37. Rf4 Rge8 38. Kg3 Kg8 39. Rfe4 Rd8
40. Kg4 Rg6+ 41. Kh5 Rd3 42. R4e3 Rxe3 43. Rxe3 Kf7 44. Re4 Rg3 45. e6+ Ke7 46.
Kh4 Rxb3 47. Re2 Rf3 48. Kg4 Rf6 49. h4 Rxe6 50. Rf2 Rg6+ 51. Kh3 Rf6 52. Re2+
Kd7 53. h5 a5 54. Kg4 b5 55. Re5 Re6 56. Rg5 Re7 57. b3 0-1

[Event "C.to Provnciale NU-OR-OT"]
[Site "Siniscola ITA"]
[Date "2015.02.07"]
[Round "1"]
[White "Talu, Alessandro"]
[Black "Crapulli, Giuseppe"]
[WhiteElo "1551"]
[BlackElo "1849"]
[Result "0-1"]
[PlyCount "54"]
[EventDate "2015.02.07"]

1. e4 c5 2. Nf3 e6 3. d4 cxd4 4. Nxd4 Nc6 5. Be3 Nf6 6. Nd2 d5 7. Bd3 Bd6 8.
O-O O-O 9. f3 Nxd4 10. Bxd4 dxe4 11. Bxf6 Qxf6 12. Nxe4 Qd4+ 13. Kh1 Bc7 14. c3
Qd5 15. Qc2 Qh5 16. f4 b6 17. Rf3 f5 18. Ng5 Bxf4 19. Nh3 Bc7 20. Re1 Bb7 21.
Rfe3 f4 22. Rxe6 Qxh3 23. Be4 Bxe4 24. Qxe4 Qf5 25. Qc4 Qf7 26. Qc6 f3 27. Re7
f2 0-1

[Event "C.to Provnciale NU-OR-OT"]
[Site "Siniscola ITA"]
[Date "2015.02.07"]
[Round "1"]
[White "Telch, Ettore"]
[Black "Carta, Francesco"]
[WhiteElo "1440"]
[BlackElo "1658"]
[Result "0-1"]
[PlyCount "68"]
[EventDate "2015.02.07"]

1. d4 Nf6 2. Nf3 e6 3. e3 c5 4. Be2 Nc6 5. O-O b6 6. Nc3 Be7 7. Nb5 a6 8. Nc3
O-O 9. Bd3 d5 10. Ng5 cxd4 11. exd4 Nxd4 12. Be3 Nc6 13. Qf3 h6 14. Nh3 e5 15.
Na4 e4 16. Qg3 Nh5 17. Qf4 Nxf4 18. Nxf4 exd3 19. Nxd3 d4 20. Bf4 b5 21. Nac5
Bf5 22. Rad1 Qd5 23. b3 Bxc5 24. Rc1 Be4 25. Bd2 Bxg2 26. Nf4 Qg5 27. Nxg2 Qxd2
28. Rfd1 Qg5 29. Re1 Ne5 30. f4 Nf3+ 31. Kf1 Nxh2+ 32. Ke2 Qxg2+ 33. Kd1 Qf3+
34. Re2 Rae8 0-1

[Event "C.to Provnciale NU-OR-OT"]
[Site "Siniscola ITA"]
[Date "2015.02.08"]
[Round "2"]
[White "Bellu, Marco"]
[Black "Di Pinto, Vincenzo"]
[WhiteElo "1781"]
[BlackElo "1633"]
[Result "1-0"]
[PlyCount "41"]
[EventDate "2015.02.07"]

1. e4 g6 2. d4 Bg7 3. Nc3 d6 4. Nf3 Nf6 5. Bc4 O-O 6. O-O c6 7. Bb3 Nbd7 8. h3
c5 9. e5 dxe5 10. dxe5 Ne8 11. Re1 e6 12. Bg5 f6 13. Bxe6+ Kh8 14. exf6 Nexf6
15. Nd5 a5 16. Nxf6 Bxf6 17. Bxf6+ Qxf6 18. Bxd7 Bxd7 19. Qxd7 Rad8 20. Qe7
Qxb2 21. Ng5 1-0

[Event "C.to Provnciale NU-OR-OT"]
[Site "Siniscola ITA"]
[Date "2015.02.08"]
[Round "2"]
[White "Carta, Francesco"]
[Black "Le Creurer, Kilian"]
[WhiteElo "1658"]
[BlackElo "1800"]
[Result "0-1"]
[PlyCount "88"]
[EventDate "2015.02.07"]

1. e4 c5 2. Nf3 d6 3. d4 cxd4 4. Nxd4 Nf6 5. Nc3 a6 6. Be2 e5 7. Nf5 Nc6 8. O-O
Bxf5 9. exf5 Nd4 10. Bd3 Be7 11. Bg5 d5 12. Ne2 Nc6 13. c3 O-O 14. Bc2 Qd7 15.
Ng3 Rad8 16. Qe2 Rfe8 17. Rad1 Qc7 18. Nh5 Nxh5 19. Bxe7 Nf4 20. Qg4 Qxe7 21.
g3 h5 22. Qf3 Nh3+ 23. Kg2 Ng5 24. Qxh5 Rd6 25. h4 Ne4 26. Bxe4 dxe4 27. Qg4
Red8 28. Rxd6 Qxd6 29. Qxe4 Qd5 30. f3 Qxe4 31. fxe4 Rd2+ 32. Rf2 Rxf2+ 33.
Kxf2 b5 34. Ke3 f6 35. g4 Kf7 36. g5 g6 37. b3 Ne7 38. h5 gxf5 39. g6+ Kg7 40.
c4 f4+ 41. Kf3 bxc4 42. bxc4 Kh6 43. c5 Kxh5 44. g7 Kg6 0-1